000
00264nam a2200109Ia 4500
005
20251222143315.0
008
251222s9999||||xx |||||||||||||| ||spa||
082
_a
658.7/U61
245
0
_a
La LogĂstica en la Empresa
264
_b
Fondo Editorial UCSS
942
_c
LIB
999
_c
15870
_d
15870